Something In The Heavens - Lewis Capaldi (All Lyrics) - Statistics

General Stats
  • This quiz has been taken 15 times
  • The average score is 181 of 215
Answer Stats
Answer % Correct
heavens
100%
I
100%
In
100%
in
100%
me
100%
something
100%
Something
100%
tells
100%
that
100%
the
100%
you
100%
your
100%
you're
100%
You're
100%
a
90%
again
90%
be
90%
day
90%
I'll
90%
last
90%
love
90%
my
90%
of
90%
see
90%
to
90%
together
90%
Together
90%
we'll
90%
will
90%
and
80%
are
80%
breath
80%
but
80%
But
80%
choose
80%
could
80%
die
80%
die,
80%
dream
80%
ever
80%
hear
80%
I'd
80%
lives,
80%
million
80%
one
80%
this
80%
'til
80%
time
80%
all
70%
around
70%
bend
70%
can
70%
close
70%
gone
70%
heartbeat
70%
it
70%
life
70%
like
70%
mine
70%
more
70%
than
70%
Tonight
70%
as
60%
days
60%
emerald
60%
Eyes
60%
gold
60%
grey
60%
Hands
60%
just
60%
Just
60%
Oh
60%
oh
60%
permanent
60%
precious
60%
since
60%
white,
60%
clouds
50%
cut
50%
disappeared
50%
gathering
50%
goes
50%
harder
50%
hold
50%
how
50%
knife,
50%
sand,
50%
soft
50%
Sounds
50%
that's
50%
Ooh
30%
ooh
30%
No matching quizzes found
Score Distribution
Percent of People with Each Score
Percentile by Number Answered
Your Score History
You have not taken this quiz